Universidad___: ¿para qué? /
Compilación de intervenciones hechas durante el curso de verano titulado Universidad... ¿para qué? en el cual los participantes reflexionan sobre la situación de la universidad y el proceso de reforma educativa en el que se encuentra.
Gespeichert in:
| Körperschaft: | |
|---|---|
| Weitere Verfasser: | , |
| Format: | Tagungsbericht Buch |
| Sprache: | Spanisch |
| Veröffentlicht: |
Alcalá de Henares, España :
Universidad de Alcalá : Universitas, Asociación para la Investigación y la Docencia : Consejería de Educación, Dirección General de Universidades ,
2003, c2003
|
| Schlagworte: | |
| Tags: |
Keine Tags, Fügen Sie das erste Tag hinzu!
|
MARC
| LEADER | 00000nam^a2200000^a^4500 | ||
|---|---|---|---|
| 001 | 000153426 | ||
| 005 | 20250521000000.0 | ||
| 009 | 20260310100319.303 | ||
| 020 | |a 84-8138-550-4 | ||
| 037 | |a Acervo ITESO - Biblioteca | ||
| 041 | |a ESP | ||
| 082 | |a 378. 007 |b CUR 2000 | ||
| 111 | |a Curso de Verano Universidad ___ ¿para qué? ( |d 2000 : |c Universidad de Alcalá) | ||
| 245 | 1 | 0 | |a Universidad___: |b ¿para qué? / |c Curso de Verano Universidad___ ¿para qué? ; coord. de J.M. Saz Díaz, J.M. Gómez Pulido ; pról. de Manuel Gala Muñoz ; introd. de J.M. Saz Díaz |
| 264 | 4 | |a Alcalá de Henares, España : |b Universidad de Alcalá : |b Universitas, Asociación para la Investigación y la Docencia : |b Consejería de Educación, Dirección General de Universidades , |c 2003, c2003 | |
| 300 | |a 208 p. | ||
| 336 | |a texto |b txt |2 rdacontenido | ||
| 337 | |a sin mediación |b n |2 rdamedio | ||
| 338 | |a volumen |b nc |2 rdasoporte | ||
| 520 | |a Compilación de intervenciones hechas durante el curso de verano titulado Universidad... ¿para qué? en el cual los participantes reflexionan sobre la situación de la universidad y el proceso de reforma educativa en el que se encuentra. | ||
| 649 | |a XX | ||
| 650 | |a Universidades - |z España - |x Aspectos Sociales y Culturales | ||
| 650 | |a Universidades - |z España - |x Historia | ||
| 650 | |a Universidades - |z Europa Oriental - |x Aspectos Sociales y Culturales | ||
| 650 | |a Instituciones Educativas - |x Aspectos Sociales y Culturales | ||
| 650 | |a Centros de Investigación - |z España - |x Historia | ||
| 650 | |a Instituciones Educativas - |z España - |x Historia | ||
| 650 | |a Financiamiento de la Educación | ||
| 650 | |a Recursos Educacionales | ||
| 650 | |a Reforma Educativa | ||
| 650 | |a Educación Humanística | ||
| 650 | |a Formación y Capacitación de Profesores | ||
| 650 | |a Práctica Educativa | ||
| 650 | |a Proceso Educativo | ||
| 650 | |a Objetivo Educativo | ||
| 650 | |a Comunidad Educativa | ||
| 650 | |a Cambios Sociales y Culturales | ||
| 650 | |a Educación Superior - |x Aspectos Sociales y Culturales | ||
| 650 | |a Educación Formal | ||
| 650 | |a Administración Educativa | ||
| 650 | |a Educación y Trabajo | ||
| 650 | |a Educación y Desarrollo | ||
| 650 | |a Educación y Estado | ||
| 650 | |a Educación y Sociedad | ||
| 700 | |a Saz Díaz, José María |e (coordinación e introducción) | ||
| 700 | |a Gómez Pulido, José Manuel |e (coordinación) | ||
| 910 | |a Fondo General | ||
| 920 | |a Impresos - Libros | ||
| 930 | |a Colección General | ||
| 905 | |a 101 | ||
| 901 | |a 0500082125 |b IT1 |c ACC |u 20250521 | ||
| 902 | |a https://opac.biblio.iteso.mx/vufind/Record/000153426 | ||